000
00288nam a22001217a 4500
999
_c
13776
_d
13776
020
_a
9698373020
082
_a
332
100
_a
Iqbal S. Hussaain
245
_a
Terrorism in Action (Why blame Islam)
260
_a
Lahore
_b
Humanity International
_c
2003
300
_a
382 pages
942
_c
BK